00802nam a2200217 a 450000100100000000500170001000800410002702000150006804000250008304100130010808200150012110000360013624000500017224500950022226000370031730000360035450400320039070000320042295201130045499900170056700004262020201002040259.0140203s2000 sp ac 000 0 spa d a8493006556 aDO-SdBNPbspacBNPHU17aspaheng axxxxbxxxx1 aMolyneaux, Gerardd1935-96987810aJames Stewart. A bio-bibliography.lEspañol10aJames Stewart :bel americano tranquilo /cGerard Molyneaux ; traducción Domingo Santos. aMadrid :bT & B Editores,c2000. a343 p. :bil., retrs. ;c30 cm. aBibliografía : p. 332-3431 aSantos, Domingoetr.942720 001050718MOaGRbGRcCTd2014-02-03iLF1l0oxxxx xxxxp42620-10r2020-06-25w2020-06-25y1ZNo se presta c42109d42109